<?xml version="1.0" encoding="UTF-8"?>
<record
    xmlns:xsi="http://www.w3.org/2001/XMLSchema-instance"
    xsi:schemaLocation="http://www.loc.gov/MARC21/slim http://www.loc.gov/standards/marcxml/schema/MARC21slim.xsd"
    xmlns="http://www.loc.gov/MARC21/slim">

  <leader>00939nam a2200181   4500</leader>
  <datafield tag="999" ind1=" " ind2=" ">
    <subfield code="c">3558</subfield>
    <subfield code="d">3558</subfield>
  </datafield>
  <controlfield tag="001">4309</controlfield>
  <controlfield tag="005">20191028123508.0</controlfield>
  <controlfield tag="008">191028b           ||||| |||| 00| 0 eng d</controlfield>
  <datafield tag="090" ind1="0" ind2="0">
    <subfield code="a">244.2 N1748t 2012</subfield>
  </datafield>
  <datafield tag="245" ind1="0" ind2="0">
    <subfield code="a">&#xF66;&#xF9F;&#xF7C;&#xF53;&#xF0C;&#xF54;&#xF0C;&#xF50;&#xF74;&#xF42;&#xF66;&#xF0C;&#xF62;&#xF97;&#xF7A;&#xF0C;&#xF45;&#xF53;&#xF0C;&#xF42;&#xFB1;&#xF72;&#xF0C;&#xF62;&#xFA3;&#xF58;&#xF0C;&#xF50;&#xF62;&#xF0D; &#xF60;&#xF55;&#xF42;&#xF66;&#xF0C;&#xF56;&#xF7C;&#xF51;&#xF0C;&#xF54;&#xF53;&#xF0C;&#xF42;&#xFB2;&#xF74;&#xF56;&#xF0C;&#xF62;&#xF92;&#xFB1;&#xF0C;&#xF58;&#xF5A;&#xF7C;&#xF60;&#xF72;&#xF0C;&#xF62;&#xF9F;&#xF7C;&#xF42;&#xF66;&#xF0C;&#xF56;&#xF62;&#xF97;&#xF7C;&#xF51;&#xF0C;&#xF56;&#xF45;&#xF66;&#xF0C;&#xF55;&#xFB1;&#xF7C;&#xF42;&#xF66;&#xF0C;&#xF42;&#xF45;&#xF72;&#xF42;&#xF0C;&#xF4F;&#xF74;&#xF0C;&#xF56;&#xF40;&#xF7C;&#xF51;&#xF0C;&#xF54;&#xF0C;&#xF51;&#xF51;&#xF0C;&#xF42;&#xF66;&#xF74;&#xF58;&#xF0C;&#xF54;&#xF51;&#xFA8;&#xF7C;&#xF0C;&#xF56;&#xF5E;&#xF51;&#xF0C;&#xF54;&#xF60;&#xF72;&#xF0C;&#xF49;&#xF72;&#xF53;&#xF0C;&#xF56;&#xFB1;&#xF7A;&#xF51;&#xF0C;&#xF45;&#xF7A;&#xF66;&#xF0C;&#xF56;&#xFB1;&#xF0C;&#xF56;&#xF0C;&#xF56;&#xF4F;&#xF74;&#xF42;&#xF66;&#xF0C;&#xF66;&#xF7C;&#xF0D;</subfield>
    <subfield code="c">Namkhai Nyingpo Dratshang.</subfield>
  </datafield>
  <datafield tag="246" ind1=" " ind2=" ">
    <subfield code="a">[Biography of Lord Buddhha].</subfield>
  </datafield>
  <datafield tag="260" ind1="0" ind2="0">
    <subfield code="a">Bumthang :</subfield>
    <subfield code="b">Namkhai Nyingpo Dratshang,</subfield>
    <subfield code="c">2012.</subfield>
  </datafield>
  <datafield tag="300" ind1="0" ind2="0">
    <subfield code="a">764 p. ; 25 cm.</subfield>
  </datafield>
  <datafield tag="500" ind1="0" ind2="0">
    <subfield code="a">In Dzongkha.</subfield>
  </datafield>
  <datafield tag="650" ind1="0" ind2="0">
    <subfield code="a">Buddhism --Doctrines.</subfield>
  </datafield>
  <datafield tag="650" ind1="0" ind2="0">
    <subfield code="a">Religious aspects --Buddhism.</subfield>
  </datafield>
  <datafield tag="942" ind1=" " ind2=" ">
    <subfield code="2">ddc</subfield>
    <subfield code="c">RESERVE</subfield>
  </datafield>
  <datafield tag="952" ind1=" " ind2=" ">
    <subfield code="0">0</subfield>
    <subfield code="1">0</subfield>
    <subfield code="2">ddc</subfield>
    <subfield code="4">0</subfield>
    <subfield code="7">0</subfield>
    <subfield code="8">REFERENCE</subfield>
    <subfield code="a">RTCLIB</subfield>
    <subfield code="b">RTCLIB</subfield>
    <subfield code="c">REFERENCE</subfield>
    <subfield code="h"> </subfield>
    <subfield code="i">7833</subfield>
    <subfield code="l">0</subfield>
    <subfield code="o">920 NYI</subfield>
    <subfield code="p">30009858</subfield>
    <subfield code="r">2018-11-27 00:00:00</subfield>
    <subfield code="w">2018-11-27</subfield>
    <subfield code="y">REFERENCE</subfield>
  </datafield>
</record>
